000 00614cam a22001934a 4500
005 20250605164248.0
008 250528s ||||||||||||||||||||||||d
035 _a21618
020 _a9789608714083
040 _aGR-AtMCL
_bgre
_dGR-AtMCL
_eAACR2
245 1 _aΔΙΑΔΙΚΤΥΑΚΕΣ ΚΟΙΝΟΤΗΤΕΣ ΕΚΠΑΙΔΕΥΤΙΚΩΝ ΓΙΑ ΤΑ ΓΛΩΣΣΙΚΑ ΜΑΘΗΜΑΤΑ
250 _a1
260 _bΚεντρο Ελληνικης Γλωσσας,
_c2015
300 _a299
700 1 _aΚουτσογιαννης Δημητρης
_97573
942 _cBK
999 _c6679
_d6679